Statistiques concernant Culture Générale - Série 1223

Cliquez ici pour prendre le quiz!

Statistiques générales

  • Ce quiz a été pris 56 fois
  • Le résultat moyen est 7 sur 10

Statistiques - réponses

QuestionRéponse% Correct
Quelle masse de glace flottante, détachée d'un glacier polaire, le Titanic a-t-il heurtée en 1912 avant de sombrer ?iceberg
98%
Quand on affronte résolument une difficulté, quel animal prend-on par les cornes ?taureau
98%
Quel nom donne-t-on aux soldats de l'O.N.U ?casques bleus
92%
Au restaurant, avec le maître d'hôtel, quelle personne est chargée de la cave et propose un choix de vins aux clients ?sommelier
86%
De quel "docteur" de littérature, Meg, Jo, Beth et Amy sont-elles les filles ?docteur March
82%
Si un habitant des Pyrénées dit avoir aperçu un isard dans la montagne, quel animal a-t-il vu ?chamois
76%
À quel ancien sportif, aujourd'hui chanteur, doit-on le single "Angela" en 2010 ?Yannick Noah
65%
Quel pays a organisé avec l'Ukraine l'Euro 2012 de football ?Pologne
51%
Dans quelle ville du Doubs, Gustave Courbet a-t-il situé "un enterrement" sur son célèbre tableau réalisé en 1850 ?Ornans
8%
Complétez le titre de la nouvelle d'Alphonse Daudet, tirée du recueil "Les lettres de mon moulin" : "L'agonie de la ...Sémillante
6%

Distribution des résultats

Percentile par nombre de réponses

% des personnes avec chaque résultat

Votre développement - résultats

Vous n’avez pas pris ce quiz